00645cam a22002051 4500001001300000003000400013005001700017008004100034010001700075035002000092040002100112050001400133100003200147245006600179260007800245300004700323651002500370651002700395999001700422rc 01000748 DLC20260227111901.0961202s1891 caucf 000 0deng  arc 01000748  a(OCoLC)36018969 aDLCcNNdNNdDLC00aF864b.S81 aSwasey, W. F.q(William F.)14aThe early days and men of California;cby W. F. Swasey, 1891. aOakland, Cal.,aNew York [etc.]bPacific Press Publishing Companyc[1891] ax, 9-406 p.bfront., plates, port.c23 cm. 0aCaliforniaxHistory. 0aCaliforniaxBiography. c51891d51891